Score 0/36 Timer 03:00
6 Plays Today
Hint Answer % Correct
Most ObeseSouth Africa
96.7%
Most Internet UsersSouth Africa
96.1%
Most PopulousEgypt
96%
Most Internet UsersEgypt
96%
Most ObeseEgypt
96%
Crude Oil ProductionEgypt
95.8%
Most PopulousNigeria
94.4%
Most Internet UsersNigeria
94.3%
Crude Oil ProductionNigeria
94.3%
Highest Max. ElevationKenya
88.4%
Crude Oil ProductionAlgeria
85.7%
Least Densely PopulatedLibya
84.1%
Most ObeseLibya
84.1%
Most Internet UsersMorocco
82.3%
Most PopulousDemocratic Republic of the Congo
82.3%
Highest Max. ElevationDemocratic Republic of the Congo
81.4%
Most PopulousEthiopia
80.7%
Highest Max. ElevationTanzania
78.6%
Hint Answer % Correct
Highest Max. ElevationUganda
67.8%
Most ObeseSeychelles
67.6%
Smallest AreaSeychelles
67.6%
Highest GDP Per CapitaSeychelles
67.5%
Crude Oil ProductionAngola
66.3%
Least Densely PopulatedNamibia
65%
Highest Unemployment RateBurkina Faso
64.1%
Smallest AreaComoros
63.4%
Smallest AreaMauritius
63.1%
Smallest AreaSão Tomé and Príncipe
60.5%
Least Densely PopulatedBotswana
59.4%
Highest GDP Per CapitaBotswana
59%
Least Densely PopulatedMauritania
57.9%
Highest Unemployment RateDjibouti
55.1%
Highest Unemployment RateSenegal
50.1%
Highest GDP Per CapitaEquatorial Guinea
48%
Highest GDP Per CapitaGabon
47.8%
Highest Unemployment RateKenya
42.2%

You're not logged in!

Compare scores with friends on all Sporcle quizzes.
OR
Log In

Sporcle TV

Today on Sporcle TV


Watch our educational content, quiz creation guides, and fun videos on Sporcle TV.

Show Comments

Extras

Top Quizzes Today


Score Distribution

Paid Content

Your Account Isn't Verified!

In order to create a playlist on Sporcle, you need to verify the email address you used during registration. Go to your Sporcle Settings to finish the process.

Report this User

Report this user for behavior that violates our Community Guidelines.

Details: